| 000 | 00437nam a2200157 i 4500 | ||
|---|---|---|---|
| 001 | 37948 | ||
| 003 | ES-MaACL | ||
| 007 | t| | ||
| 008 | 030224s1974 sp ||||1| spa d | ||
| 100 | 1 |
_aBurgos Monfort, José. _932668 |
|
| 245 | 1 | 0 |
_aElectricidad industrial / _cpor José Burgos Monfort. |
| 250 | _a5ª ed., reimp. | ||
| 260 |
_aMadrid : _bDossat, _c1974. |
||
| 300 |
_aXVIII, 365 p. ; _c21 cm. |
||
| 852 |
_aES-MaACL _jE-7748 _bR.91850 |
||
| 999 |
_c37948 _d37948 |
||